Quizzes
Events
Quiz Creation
Community
Videos
Private Events
Remove Ads
Sign In
Join for FREE
Feedback
Dark Mode
Quiz Categories
Sports
Geography
Music
Movies
Television
Just For Fun
Miscellaneous
History
Literature
Language
Science
Gaming
Entertainment
Religion
Holiday
For Kids
Quiz Lab
Recent
Popular Today
Quiz Kudos Today
Editor Picks
Curator Picks
Quizzes by...
Day
Popularity
Type
Ratings
Length
Year
Community
Subscriptions
Recent Discussions
Orange Saloon
Badges
Playlists
Quests
Create
Leaderboards
Showdown
Live 5
Trivia Bingo
Activity
Puzzle Library
Sporcle Events
Private Events
Virtual Trivia
Globe League
Become a Host
Pub Owners
SporcleCon
Opinionation
Our Games
Videos
Blog
Mobile Apps
Partnerships
Remove Ads and Go Orange
Feedback
Sports
Athletes
MLB
NBA
NHL
NFL
Soccer
Sports Teams
WWE
NCAA
Football
Premier League
Basketball
Baseball
Hockey
Golf
Tennis
Cricket
Rugby
Auto Racing
Olympics
World Cup
Sports
Athletes
MLB
NBA
NHL
NFL
Soccer
Sports Teams
WWE
NCAA
Football
Premier League
Basketball
Baseball
Hockey
Golf
Tennis
Cricket
Rugby
Auto Racing
Olympics
World Cup
Random Quiz
Search Sporcle
×
Quiz Lab
Quiz Lab
Sports
Baseball
Type in answers that appear in a list
Type in answers that appear in a list
Classic
Best Score? Go Orange.
100 Run Seasons of the 2000's? Stats
Can you name the 100 Run Seasons of the 2000's
By
Thr33Hunna
15m
267 Questions
234 Plays
234 Plays
234 Plays
Comments
Comments
Give Quiz Kudos
Give Quiz Kudos
-
- Ratings
hide this ad
Replay
Link that replays current quiz
Next Quiz
Link to next quiz in quiz playlist
You Got
0%
They Got
Avg Score
81%
Avg Friend Score
Upgrade to see
Score Distribution
Jump to the score distribution portion of the page
Score
0/267
Timer
15:00
0
Plays Today
Runs/Team/Year
Player
% Correct
124/
Cardinals/
2009
Albert Pujols
99.6%
107/
Yankees/
2009
Derek Jeter
99.6%
100/
Cardinals/
2008
Albert Pujols
99.6%
102/
Yankees/
2007
Derek Jeter
99.6%
118/
Yankees/
2006
Derek Jeter
99.6%
129/
Cardinals/
2005
Albert Pujols
99.6%
122/
Yankees/
2005
Derek Jeter
99.6%
133/
Cardinals/
2004
Albert Pujols
99.6%
111/
Yankees/
2004
Derek Jeter
99.6%
137/
Cardinals/
2003
Albert Pujols
99.6%
124/
Yankees/
2002
Derek Jeter
99.6%
118/
Cardinals/
2002
Albert Pujols
99.6%
112/
Cardinals/
2001
Albert Pujols
99.6%
110/
Yankees/
2001
Derek Jeter
99.6%
102/
Dodgers/
2008
Manny Ramirez
98.7%
112/
Red Sox/
2005
Manny Ramirez
98.7%
108/
Red Sox/
2004
Manny Ramirez
98.7%
113/
Brewers/
2009
Ryan Braun
98.3%
101/
Marlins/
2009
Hanley Ramirez
98.3%
125/
Marlins/
2008
Hanley Ramirez
98.3%
125/
Marlins/
2007
Hanley Ramirez
98.3%
119/
Marlins/
2006
Hanley Ramirez
98.3%
115/
Red Sox/
2009
Dustin Pedroia
97.4%
112/
Phillies/
2009
Chase Utley
97.4%
100/
Phillies/
2009
Jimmy Rollins
97.4%
118/
Red Sox/
2008
Dustin Pedroia
97.4%
113/
Phillies/
2008
Chase Utley
97.4%
139/
Phillies/
2007
Jimmy Rollins
97.4%
108/
Braves/
2007
Chipper Jones
97.4%
104/
Phillies/
2007
Chase Utley
97.4%
131/
Phillies/
2006
Chase Utley
97.4%
127/
Phillies/
2006
Jimmy Rollins
97.4%
107/
Braves/
2006
Andruw Jones
97.4%
115/
Phillies/
2005
Jimmy Rollins
97.4%
119/
Phillies/
2004
Jimmy Rollins
97.4%
103/
Braves/
2003
Chipper Jones
97.4%
101/
Braves/
2003
Andruw Jones
97.4%
113/
Braves/
2001
Chipper Jones
97.4%
104/
Braves/
2001
Andruw Jones
97.4%
105/
Phillies/
2009
Ryan Howard
97%
105/
Phillies/
2008
Ryan Howard
97%
104/
Yankees/
2008
Alex Rodriguez
97%
143/
Yankees/
2007
Alex Rodriguez
97%
113/
Yankees/
2006
Alex Rodriguez
97%
104/
Phillies/
2006
Ryan Howard
97%
124/
Yankees/
2005
Alex Rodriguez
97%
112/
Yankees/
2004
Alex Rodriguez
97%
124/
Rangers/
2003
Alex Rodriguez
97%
125/
Rangers/
2002
Alex Rodriguez
97%
133/
Rangers/
2001
Alex Rodriguez
97%
116/
Red Sox/
2007
David Ortiz
96.2%
115/
Red Sox/
2006
David Ortiz
96.2%
119/
Red Sox/
2005
David Ortiz
96.2%
103/
Padres/
2008
Adrian Gonzalez
95.3%
101/
Padres/
2007
Adrian Gonzalez
95.3%
128/
Diamondbacks/
2001
Luis Gonzalez
95.3%
116/
Mets/
2008
Carlos Beltran
94%
127/
Mets/
2006
Carlos Beltran
94%
121/
Astros/
2004
Carlos Beltran
94%
102/
Royals/
2003
Carlos Beltran
94%
114/
Royals/
2002
Carlos Beltran
94%
106/
Royals/
2001
Carlos Beltran
94%
101/
Angels/
2007
Orlando Cabrera
93.6%
112/
Marlins/
2006
Miguel Cabrera
93.6%
106/
Marlins/
2005
Miguel Cabrera
93.6%
101/
Marlins/
2004
Miguel Cabrera
93.6%
103/
Yankees/
2009
Robinson Cano
92.7%
129/
Giants/
2004
Barry Bonds
92.7%
124/
Angels/
2004
Vladimir Guerrero
92.7%
100/
Astros/
2004
Craig Biggio
92.7%
111/
Giants/
2003
Barry Bonds
92.7%
102/
Astros/
2003
Craig Biggio
92.7%
117/
Giants/
2002
Barry Bonds
92.7%
106/
Expos/
2002
Vladimir Guerrero
92.7%
129/
Giants/
2001
Barry Bonds
92.7%
118/
Astros/
2001
Craig Biggio
92.7%
107/
Expos/
2001
Vladimir Guerrero
92.7%
103/
Brewers/
2009
Prince Fielder
92.3%
109/
Brewers/
2007
Prince Fielder
92.3%
119/
Nationals/
2006
Alfonso Soriano
92.3%
102/
Rangers/
2005
Alfonso Soriano
92.3%
115/
Rockies/
2004
Todd Helton
92.3%
135/
Rockies/
2003
Todd Helton
92.3%
114/
Yankees/
2003
Alfonso Soriano
92.3%
128/
Yankees/
2002
Alfonso Soriano
92.3%
107/
Rockies/
2002
Todd Helton
92.3%
132/
Rockies/
2001
Todd Helton
92.3%
103/
Yankees/
2009
Mark Teixeira
91.5%
102/
Angels/
2008
Mark Teixeira
91.5%
Runs/Team/Year
Player
% Correct
112/
Rangers/
2005
Mark Teixeira
91.5%
101/
Rangers/
2004
Mark Teixeira
91.5%
102/
Rangers/
2006
Carlos Lee
91%
120/
Cubs/
2005
Derrek Lee
91%
103/
White Sox/
2004
Carlos Lee
91%
100/
White Sox/
2003
Carlos Lee
91%
114/
Astros/
2008
Lance Berkman
90.6%
113/
Mets/
2008
Jose Reyes
90.6%
103/
Mariners/
2008
Ichiro Suzuki
90.6%
119/
Mets/
2007
Jose Reyes
90.6%
111/
Mariners/
2007
Ichiro Suzuki
90.6%
122/
Mets/
2006
Jose Reyes
90.6%
110/
Mariners/
2006
Ichiro Suzuki
90.6%
111/
Mariners/
2005
Ichiro Suzuki
90.6%
104/
Astros/
2004
Lance Berkman
90.6%
101/
Mariners/
2004
Ichiro Suzuki
90.6%
111/
Mariners/
2003
Ichiro Suzuki
90.6%
110/
Astros/
2003
Lance Berkman
90.6%
111/
Mariners/
2002
Ichiro Suzuki
90.6%
106/
Astros/
2002
Lance Berkman
90.6%
127/
Mariners/
2001
Ichiro Suzuki
90.6%
110/
Astros/
2001
Lance Berkman
90.6%
107/
Orioles/
2004
Miguel Tejada
90.2%
104/
Dodgers/
2004
Adrian Beltre
90.2%
108/
Athletics/
2002
Miguel Tejada
90.2%
107/
Athletics/
2001
Miguel Tejada
90.2%
115/
Mets/
2008
David Wright
89.7%
113/
Mets/
2007
David Wright
89.7%
120/
Yankees/
2002
Jason Giambi
89.3%
109/
Athletics/
2001
Jason Giambi
89.3%
104/
Astros/
2004
Jeff Bagwell
88.9%
109/
Astros/
2003
Jeff Bagwell
88.9%
126/
Astros/
2001
Jeff Bagwell
88.9%
102/
Rangers/
2008
Michael Young
88.5%
114/
Rangers/
2005
Michael Young
88.5%
114/
Rangers/
2004
Michael Young
88.5%
106/
Rangers/
2003
Michael Young
88.5%
110/
Nationals/
2009
Ryan Zimmerman
87.6%
101/
Rockies/
2009
Troy Tulowitzki
87.6%
104/
Rockies/
2007
Troy Tulowitzki
87.6%
107/
Yankees/
2009
Johnny Damon
87.2%
115/
Yankees/
2006
Johnny Damon
87.2%
117/
Red Sox/
2005
Johnny Damon
87.2%
123/
Red Sox/
2004
Johnny Damon
87.2%
103/
Red Sox/
2003
Johnny Damon
87.2%
118/
Red Sox/
2002
Johnny Damon
87.2%
108/
Athletics/
2001
Johnny Damon
87.2%
122/
Cubs/
2002
Sammy Sosa
86.8%
146/
Cubs/
2001
Sammy Sosa
86.8%
117/
Tigers/
2007
Magglio Ordonez
86.3%
116/
White Sox/
2002
Magglio Ordonez
86.3%
107/
Rockies/
2008
Matt Holliday
85.9%
101/
Indians/
2008
Grady Sizemore
85.9%
120/
Rockies/
2007
Matt Holliday
85.9%
118/
Indians/
2007
Grady Sizemore
85.9%
134/
Indians/
2006
Grady Sizemore
85.9%
119/
Rockies/
2006
Matt Holliday
85.9%
111/
Indians/
2005
Grady Sizemore
85.9%
107/
Tigers/
2007
Gary Sheffield
85.5%
104/
Yankees/
2005
Gary Sheffield
85.5%
117/
Yankees/
2004
Gary Sheffield
85.5%
126/
Braves/
2003
Gary Sheffield
85.5%
100/
Rays/
2009
Evan Longoria
85%
117/
Blue Jays/
2003
Carlos Delgado
85%
103/
Blue Jays/
2002
Carlos Delgado
85%
102/
Blue Jays/
2001
Carlos Delgado
85%
110/
Orioles/
2009
Brian Roberts
84.6%
103/
Red Sox/
2009
Jason Bay
84.6%
111/
Red Sox/
2008
Jason Bay
84.6%
107/
Orioles/
2008
Brian Roberts
84.6%
103/
Orioles/
2007
Brian Roberts
84.6%
101/
Pirates/
2006
Jason Bay
84.6%
110/
Pirates/
2005
Jason Bay
84.6%
100/
Dodgers/
2005
Jeff Kent
84.6%
107/
Orioles/
2004
Brian Roberts
84.6%
102/
Cardinals/
2004
Jim Edmonds
84.6%
102/
Giants/
2002
Jeff Kent
84.6%
105/
Yankees/
2004
Bernie Williams
83.8%
118/
Blue Jays/
2003
Vernon Wells
83.8%
102/
Yankees/
2002
Bernie Williams
83.8%
102/
Yankees/
2001
Bernie Williams
83.8%
107/
Rockies/
2001
Larry Walker
82.9%
112/
Tigers/
2008
Curtis Granderson
81.6%
122/
Tigers/
2007
Curtis Granderson
81.6%
100/
Indians/
2006
Travis Hafner
81.2%
111/
Mariners/
2003
Bret Boone
81.2%
118/
Mariners/
2001
Bret Boone
81.2%
108/
White Sox/
2006
Jim Thome
80.8%
111/
Phillies/
2003
Jim Thome
80.8%
Runs/Team/Year
Player
% Correct
101/
Indians/
2002
Jim Thome
80.8%
101/
Indians/
2001
Jim Thome
80.8%
104/
Braves/
2005
Marcus Giles
80.3%
109/
Cardinals/
2004
Scott Rolen
80.3%
101/
Braves/
2003
Marcus Giles
80.3%
116/
Pirates/
2001
Brian Giles
80.3%
103/
White Sox/
2006
Jermaine Dye
79.9%
100/
Yankees/
2008
Bobby Abreu
79.1%
123/
Yankees/
2007
Bobby Abreu
79.1%
104/
Phillies/
2005
Bobby Abreu
79.1%
118/
Phillies/
2004
Bobby Abreu
79.1%
102/
Phillies/
2002
Bobby Abreu
79.1%
118/
Phillies/
2001
Bobby Abreu
79.1%
105/
Blue Jays/
2006
Troy Glaus
78.2%
100/
Angels/
2001
Troy Glaus
78.2%
101/
Reds/
2007
Adam Dunn
77.8%
107/
Reds/
2005
Adam Dunn
77.8%
101/
Devil Rays/
2005
Carl Crawford
77.8%
105/
Reds/
2004
Adam Dunn
77.8%
104/
Devil Rays/
2004
Carl Crawford
77.8%
110/
Dodgers/
2002
Shawn Green
77.4%
121/
Dodgers/
2001
Shawn Green
77.4%
103/
Blue Jays/
2009
Aaron Hill
76.9%
120/
Red Sox/
2003
Nomar Garciaparra
76.9%
101/
Red Sox/
2002
Nomar Garciaparra
76.9%
101/
Rangers/
2009
Ian Kinsler
76.5%
102/
Rangers/
2008
Ian Kinsler
76.5%
102/
Phillies/
2009
Shane Victorino
76.1%
102/
Phillies/
2008
Shane Victorino
76.1%
100/
Marlins/
2004
Juan Pierre
75.6%
100/
Marlins/
2003
Juan Pierre
75.6%
108/
Rockies/
2001
Juan Pierre
75.6%
114/
Angels/
2009
Chone Figgins
73.9%
113/
Angels/
2005
Chone Figgins
73.9%
107/
Reds/
2007
Brandon Phillips
73.5%
100/
Yankees/
2007
Hideki Matsui
72.6%
108/
Yankees/
2005
Hideki Matsui
72.6%
100/
Red Sox/
2006
Kevin Youkilis
70.9%
111/
Orioles/
2004
Melvin Mora
70.9%
113/
Dodgers/
2006
Rafael Furcal
70.1%
100/
Braves/
2005
Rafael Furcal
70.1%
103/
Braves/
2004
Rafael Furcal
70.1%
130/
Braves/
2003
Rafael Furcal
70.1%
113/
Indians/
2001
Roberto Alomar
69.7%
105/
Tigers/
2007
Placido Polanco
67.5%
106/
Cubs/
2004
Moises Alou
67.5%
106/
Orioles/
2008
Nick Markakis
67.1%
118/
Braves/
2004
J.D. Drew
67.1%
113/
Marlins/
2007
Dan Uggla
66.7%
105/
Marlins/
2006
Dan Uggla
66.7%
103/
Mariners/
2006
Raul Ibanez
65%
100/
Braves/
2006
Edgar Renteria
65%
100/
Red Sox/
2005
Edgar Renteria
65%
100/
Nationals/
2006
Nick Johnson
63.2%
103/
Expos/
2002
Jose Vidro
62%
114/
Giants/
2001
Rich Aurilia
58.1%
103/
Blue Jays/
2002
Shannon Stewart
57.3%
103/
Blue Jays/
2001
Shannon Stewart
57.3%
100/
Tigers/
2006
Carlos Guillen
56.8%
106/
Athletics/
2006
Nick Swisher
55.6%
117/
Rockies/
2006
Garrett Atkins
54.3%
102/
Twins/
2006
Michael Cuddyer
54.3%
114/
Blue Jays/
2007
Alex Rios
52.6%
107/
Angels/
2002
David Eckstein
50.9%
104/
Brewers/
2001
Jeromy Burnitz
50.9%
100/
Red Sox/
2001
Trot Nixon
50%
107/
Rangers/
2004
Hank Blalock
48.3%
100/
Brewers/
2003
Scott Podsednik
48.3%
105/
Padres/
2001
Ryan Klesko
47.9%
101/
Brewers/
2006
Bill Hall
46.2%
104/
Cardinals/
2008
Ryan Ludwick
44.9%
105/
Phillies/
2007
Aaron Rowand
44%
114/
Athletics/
2002
Ray Durham
43.2%
104/
White Sox/
2001
Ray Durham
43.2%
108/
Padres/
2004
Mark Loretta
40.6%
123/
Marlins/
2001
Cliff Floyd
37.2%
113/
Pirates/
2008
Nate McLouth
36.3%
104/
Indians/
2008
Jhonny Peralta
36.3%
100/
Twins/
2001
Corey Koskie
33.8%
112/
Expos/
2004
Brad Wilkerson
33.3%
103/
Diamondbacks/
2007
Eric Byrnes
32.9%
101/
Reds/
2004
Sean Casey
32.5%
102/
Rangers/
2006
Gary Matthews
30.8%
101/
Royals/
2007
David DeJesus
27.8%
103/
Mariners/
2003
Randy Winn
25.6%
109/
Indians/
2004
Matt Lawton
23.1%
100/
Blue Jays/
2009
Marco Scutaro
21.8%
103/
Cubs/
2008
Mark DeRosa
21.4%
103/
Diamondbacks/
2002
Junior Spivey
21.4%
Quiz Playlist
Details
Report
Send in Message
Add To Playlist
Classic:
Type in answers that appear in a list
Last Updated: Feb 16, 2017
Quiz Scoreboard
CHALLENGE
Sign Up to Join the Scoreboard
Show All
Scores
Hide
Comments
May contain spoilers
Recently Published
College Basketball Coaching Resumes
by pancakes188
Sports
9m
Billboard Blitz: Fleetwood Mac
by CooCooCachoo
Music
15s
Presidents Visiting Landmarks
by Hejman
History
7m
More to Explore
Quiz From the Vault
Featured Blog Post
Where Did the Easter Bunny Come From?
hide this ad
You Might Also Like...
Tags
Baseball Quiz
MLB Quiz
100
2000
Player
run
Run Seasons
Runs Scored
season
team
Today's Top Quizzes in Sports
Browse Sports
hide this ad
Today's Top Quizzes in Baseball
Browse Baseball
Top Contributed Quizzes in Sports
1
Les meilleurs buteurs des matchs entre le PSG et l’OM
2
2022 World Cup Stars
3
FIFA Club World Cup Champions
4
Les entraîneurs de l'OM et du PSG au 21e siècle
5
Criteria MLB: Left Handed Sluggers
6
AFC Teams Reveal (Wrong Answers Minefield)
7
5-to-1: UK Sports Teams
8
Name the Premier League winners with different clubs
9
5-to-1: FBS Animal Nicknames
10
Players with Multiple 50 Home Run Seasons
Explore More
Trending Topics
Harry Potter
Kpop
Disney
Marvel
Crossword
Anime
NBA
WWE
NFL
The Office
Soccer
Song
Pokémon
Puzzle
Country
hide this ad
More By:
Thr33Hunna
Quiz
Plays
Rating
Category
Featured
Created
100 Run Seasons of the 2000's?
234
4.50
Sports
Nov 3, 2013
Go to Creator's Profile
Score Distribution
Quiz Creator Spotlight
Thr33Hunna
Follow
Send a Message
Quizzes Created
-
Created Quiz Play Count
-
More By This Creator
Popular Quizzes Today
1
Find the US States - No Outlines Minefield
2
Find the Countries of Europe - No Outlines Minefield
3
The Countries of the World
4
Find the US States
5
Risky Map Clicking: Biggest States A-Z
6
US States
7
Popular People in 1961
8
Movies - When Are They Set?
More Sports Quizzes
Every WWE Championship PPV Match Part II
Quiz Lab
Trending Quizzes
Risky Map Clicking: Least Populous States A-Z
1-10 Letter G Words
1-10 Letter F Words
Risky Map Clicking: Next State Alphabetically
Click the Washington State Counties! (Map)
Recently Updated
Leaping Animals
pecheneg
Reality TV Shows (A-Z)
bhenderson79
Rickey Henderson's Hall of Fame Teammates
pecheneg
Champions League XIs: Arsenal
pecheneg
Quick Pick: Celebrities in WWE's Hall of Fame
aduchscher
A-Z Keypad Blitz II
pecheneg
Multiple Oscar Actors
pecheneg
Mystery Phrase Blitz: Oscar 'Best Actors'
pecheneg
F. Scott Fitzgerald Novels
LTH
Pick 3 Villains
ddd62291
Trending Topics
Crossword
NBA
Kpop
Disney
Harry Potter
Marvel
Anime
Pokémon
WWE
Song
NFL
The Office
Puzzle
Soccer
Country
Your Account Isn't Verified!
In order to create a playlist on Sporcle, you need to verify the email address you used during registration. Go to your
Sporcle Settings
to finish the process.
Report this User
Report this user for behavior that violates our
Community Guidelines
.
Details:
Send Report
Go to the Sporcle.com Mobile Site →
Comments